| 000 -LEADER |
| fixed length control field |
01117nam a22002297a 4500 |
| 005 - DATE AND TIME OF LATEST TRANSACTION |
| control field |
20200520145801.0 |
| 008 - FIXED-LENGTH DATA ELEMENTS--GENERAL INFORMATION |
| fixed length control field |
200520s2020gw xxu||||| |||| 00| 0 ger d |
| 020 ## - INTERNATIONAL STANDARD BOOK NUMBER |
| International Standard Book Number |
9789941821004 |
| 080 ## - UNIVERSAL DECIMAL CLASSIFICATION NUMBER |
| Universal Decimal Classification number |
34(4) G-30 |
| 245 ## - TITLE STATEMENT |
| Title |
Georgische Gesetze auf Deutsch : ქართული კანონები გერმანულად / |
| Statement of responsibility, etc. |
Eter Chachanidze ; Ilia Meskhidze ; Lasha Kalandadze ; Ketevan Pkhakadze. |
| 264 ## - PRODUCTION, PUBLICATION, DISTRIBUTION, MANUFACTURE, AND COPYRIGHT NOTICE |
| Place of production, publication, distribution, manufacture |
Tbilisi, |
| Date of production, publication, distribution, manufacture, or copyright notice |
2020. |
| 300 ## - PHYSICAL DESCRIPTION |
| Extent |
569 p.: |
| Dimensions |
29 cm. |
| 653 ## - INDEX TERM--UNCONTROLLED |
| keyword |
Georgische Gesetze auf Deutsch |
| 653 ## - INDEX TERM--UNCONTROLLED |
| keyword |
ქართული კანონები გერმანულად |
| 653 ## - INDEX TERM--UNCONTROLLED |
| keyword |
სამართალი |
| 700 ## - ADDED ENTRY--PERSONAL NAME |
| Personal name |
Chachanidze, Eter |
| Relator term |
მთარგმნელი |
| 9 (RLIN) |
8121 |
| 700 ## - ADDED ENTRY--PERSONAL NAME |
| Personal name |
Meskhidze, Ilia |
| Relator term |
მთარგმნელი |
| 9 (RLIN) |
8122 |
| 700 ## - ADDED ENTRY--PERSONAL NAME |
| Personal name |
Kalandadze, Lasha |
| Relator term |
მთარგმნელი |
| 9 (RLIN) |
8123 |
| 700 ## - ADDED ENTRY--PERSONAL NAME |
| Personal name |
Pkhakadze, Ketevan |
| Relator term |
მთარგმნელი |
| 9 (RLIN) |
8124 |
| 856 ## - ELECTRONIC LOCATION AND ACCESS |
| Uniform Resource Identifier |
http://lawlibrary.info/ge/books/2020giz-ge-Georgische-Gesetze-auf-Deutsch.pdf |
| Link text |
ელექტრონული ვერსია |
| 942 ## - ADDED ENTRY ELEMENTS (KOHA) |
| Source of classification or shelving scheme |
|
| Koha item type |
წიგნი |